000 00646nam a22002297a 4500
003 UA-OsUOA
001 86933
007 ta
008 20120912b un ||||| |||| 00| 0 ukr d
100 _aГербстман А. И.
090 _a82.09(44)
_bГ37
942 _cBK
040 _aUA-OsUOA
_brus
_cUA-OsUOA
_dUA-OsUOA
245 _aОноре Бальзак
_bБиография писателя
300 _a117 с.
955 _a1
041 _arus
080 _a82.09(44)
260 _aЛенинград
_bПросвещение
_c1972
650 7 _a82 Література. Літературознавство
_2UDC
999 _c373126
_d373126